[Event "World Rapid 2022"]
[Site "Almaty KAZ"]
[Date "2022.12.26"]
[Round "1.71"]
[White "Damjanovic, Vuk"]
[Black "Tari, Aryan"]
[Result "1-0"]
[WhiteTitle "FM"]
[BlackTitle "GM"]
[WhiteElo "2361"]
[BlackElo "2659"]
[WhiteFideId "980021"]
[BlackFideId "1510045"]
[EventDate "2022.12.26"]

1. d4 d5 2. c4 e6 3. Nf3 Nf6 4. Nc3 h6 5. e3 Be7 6. Bd3 O-O 7. O-O c5 8. dxc5
Bxc5 9. a3 dxc4 10. Bxc4 a6 11. b4 Be7 12. Bb2 b5 13. Be2 Bb7 14. Nd4 Nbd7 15.
Nb3 Rc8 16. Qd4 e5 17. Qd2 Nb6 18. Rac1 Rc7 19. Qxd8 Rxd8 20. Nb1 Rxc1 21. Rxc1
Nfd7 22. Na5 Bd5 23. Nc6 Re8 24. Nxe7+ Rxe7 25. Nd2 Re6 26. e4 Bc6 27. f3 Na4
28. Ba1 Ndb6 29. Kf2 f6 30. Bd1 Kf8 31. Ke3 Rd6 32. Be2 Bd7 33. Nb3 Rc6 34. Rxc6
Bxc6 35. Na5 Bd7 36. g3 Be6 37. f4 Nd7 38. fxe5 Nxe5 39. Bxe5 fxe5 40. Nc6 Nc3
41. Nxe5 Nb1 42. Nd3 Nxa3 43. Nc5 Bc8 44. Kd2 Ke7 45. e5 Nb1+ 46. Kc2 Bf5+ 47.
Kb2 Nd2 48. Nxa6 Ke6 49. Kc3 Nb1+ 50. Kd4 Na3 51. Nc7+ Kd7 52. Nxb5 Nc2+ 53. Kc5
Ne3 54. Nd4 Be4 55. Bb5+ Ke7 56. Bc6 Bxc6 57. Kxc6 Ng4 58. e6 Ne5+ 1-0

[Event "World Rapid 2022"]
[Site "Almaty KAZ"]
[Date "2022.12.26"]
[Round "1.72"]
[White "Tsydypov, Zhamsaran"]
[Black "Zverev, Lev"]
[Result "1-0"]
[WhiteTitle "GM"]
[BlackTitle "FM"]
[WhiteElo "2534"]
[BlackElo "2310"]
[WhiteFideId "4108566"]
[BlackFideId "24250775"]
[EventDate "2022.12.26"]

1. e4 e5 2. Nf3 Nc6 3. Bc4 Bc5 4. d3 Nf6 5. c3 d6 6. Bg5 h6 7. Bh4 a6 8. Nbd2
Ba7 9. Bb3 g5 10. Bg3 Qe7 11. Nf1 Be6 12. Ne3 O-O-O 13. Qe2 Rhe8 14. Ba4 Bd7 15.
O-O-O Kb8 16. Kb1 Bxe3 17. fxe3 g4 18. Nd2 Nh5 19. Bf2 Nd4 20. cxd4 Bxa4 21. Rc1
Bd7 22. d5 Qg5 23. Nb3 Rc8 24. Na5 Bb5 25. Qc2 b6 26. a4 Bd7 27. Nc6+ Kb7 28.
Qc4 f5 29. Nb4 b5 30. Qa2 fxe4 31. Rc6 Ra8 32. Rhc1 Rec8 33. Qb3 Bxc6 34. dxc6+
Ka7 35. Nxa6 Rab8 36. Nxb8 Rxb8 37. axb5 Rb6 38. Rc4 Kb8 39. Ra4 1-0

[Event "World Rapid 2022"]
[Site "Almaty KAZ"]
[Date "2022.12.26"]
[Round "1.73"]
[White "Korelskiy, Egor"]
[Black "Ghaem Maghami, Ehsan"]
[Result "1-0"]
[WhiteTitle "FM"]
[BlackTitle "GM"]
[WhiteElo "2153"]
[BlackElo "2490"]
[WhiteFideId "34329064"]
[BlackFideId "12500739"]
[EventDate "2022.12.26"]

1. e4 c5 2. Nf3 e6 3. d4 cxd4 4. Nxd4 a6 5. Bd3 Nf6 6. O-O Qc7 7. Qe2 d6 8. c4
g6 9. b3 Bg7 10. Bb2 O-O 11. Nc3 b6 12. Kh1 Bb7 13. f4 Nbd7 14. Nf3 Rac8 15.
Rac1 Rfe8 16. Rc2 Nc5 17. Rd2 Nh5 18. Qe3 Bh6 19. Ne2 e5 20. g4 Nxf4 21. g5
Nfxd3 22. gxh6 Nxb2 23. Ng3 Nbd3 24. Nh5 Nf4 25. Nf6+ Kh8 26. Ng5 Nxe4 27. Ngxe4
Re6 28. Nd5 Nxd5 29. cxd5 Ree8 30. Qg5 Qe7 31. Qxe7 Rxe7 32. Nxd6 Rf8 33. Rf6
Ba8 34. Kg1 Kg8 35. Ne4 Rb8 36. d6 Rd7 37. Rxg6+ hxg6 38. Nf6+ Kh8 39. Nxd7 Re8
40. Nxe5 Kh7 41. d7 Rd8 42. Nxf7 1-0

[Event "World Rapid 2022"]
[Site "Almaty KAZ"]
[Date "2022.12.26"]
[Round "1.74"]
[White "Puranik, Abhimanyu"]
[Black "Averin, Nikolay"]
[Result "1-0"]
[WhiteTitle "GM"]
[BlackTitle "FM"]
[WhiteElo "2616"]
[BlackElo "2342"]
[WhiteFideId "5061245"]
[BlackFideId "24250473"]
[EventDate "2022.12.26"]

1. e4 c5 2. Nf3 d6 3. d4 cxd4 4. Nxd4 Nf6 5. Nc3 a6 6. h3 e5 7. Nb3 Be6 8. Be3
Be7 9. g4 d5 10. exd5 Nxd5 11. Bg2 Nxe3 12. Qxd8+ Kxd8 13. fxe3 Bh4+ 14. Kf1 Nc6
15. Nd5 Bxd5 16. Bxd5 Be7 17. Ke2 f6 18. h4 Kc7 19. h5 Rad8 20. Be4 Rd6 21. Rad1
Rxd1 22. Rxd1 h6 23. Nd2 Rd8 24. Bxc6 Kxc6 25. c4 b5 26. Rc1 Kb6 27. Ne4 bxc4
28. Rxc4 Kb7 29. Rc1 Rb8 30. Ng3 Bf8 31. Nf5 Kb6 32. Rc2 Rd8 33. Rd2 Rb8 34. Kf3
Kc6 35. Rc2+ Kd7 36. b3 a5 37. Rc4 Rb7 38. Ke4 Rb5 39. Ng3 Bb4 40. Kf5 Bd2 41.
e4 Be1 42. Ne2 Rb7 43. Kg6 Kd8 44. Rc1 Bf2 45. Rd1+ Kc8 46. Nc3 Bd4 47. Nd5 Rd7
48. Rc1+ Kb7 49. Kf5 Rd6 50. Rc7+ Ka6 51. Rxg7 Kb5 52. Rb7+ Kc6 53. Rh7 1-0

[Event "World Rapid 2022"]
[Site "Almaty KAZ"]
[Date "2022.12.26"]
[Round "1.75"]
[White "Munkhdalai, Amilal"]
[Black "Chigaev, Maksim"]
[Result "1-0"]
[WhiteTitle "FM"]
[BlackTitle "GM"]
[WhiteElo "2142"]
[BlackElo "2632"]
[WhiteFideId "4903250"]
[BlackFideId "4108116"]
[EventDate "2022.12.26"]

1. e4 c5 2. Nf3 d6 3. d4 cxd4 4. Nxd4 Nf6 5. f3 e5 6. Nb3 Be6 7. c4 a5 8. Be3 a4
9. Nc1 Nc6 10. Nc3 a3 11. b3 Be7 12. Nd5 O-O 13. Nxe7+ Qxe7 14. Bd3 Nd7 15. O-O
Nc5 16. Qd2 f5 17. exf5 Bxf5 18. Bxf5 Rxf5 19. Ne2 h6 20. Rad1 Rd8 21. b4 Ne6
22. b5 Nb8 23. Qd3 Rff8 24. Qxa3 Kh8 25. Nc3 Qc7 26. Qb4 Rc8 27. Rxd6 Qxc4 28.
Qxc4 Rxc4 29. Rxe6 Rxc3 30. Rxe5 Rd8 31. Bb6 Rdc8 32. Rd1 Rc1 33. Rd5 Kh7 34.
Rxc1 Rxc1+ 35. Kf2 Rc2+ 36. Kg3 Rc8 37. Rd8 Rxd8 38. Bxd8 Kg6 39. Kf4 Nd7 40.
Be7 Kf7 41. Bb4 Ke6 42. Ke4 Nb6 43. Bc5 Nd5 44. Bd4 g6 45. a4 h5 46. Be5 Nb6 47.
a5 Nc4 48. a6 Nxe5 49. a7 1-0

[Event "World Rapid 2022"]
[Site "Almaty KAZ"]
[Date "2022.12.26"]
[Round "1.76"]
[White "Indjic, Aleksandar"]
[Black "Elier, Ali"]
[Result "1-0"]
[WhiteTitle "GM"]
[WhiteElo "2636"]
[BlackElo "2165"]
[WhiteFideId "911925"]
[BlackFideId "16217543"]
[EventDate "2022.12.26"]

1. d4 d5 2. c4 e6 3. Nf3 Nf6 4. Nc3 c5 5. e3 a6 6. cxd5 exd5 7. g3 Nc6 8. Bg2
Be6 9. O-O Be7 10. b3 O-O 11. dxc5 Bxc5 12. Bb2 Ba7 13. Ne2 Rc8 14. Nf4 Ne4 15.
Rc1 Qa5 16. a3 Rfd8 17. b4 Qb5 18. Re1 a5 19. Bf1 Qb6 20. b5 Bb8 21. Rc2 Bxf4
22. exf4 Ne7 23. Nd4 Rxc2 24. Qxc2 Rc8 25. Qd1 Nf5 26. g4 Nxd4 27. Bxd4 Qd6 28.
f3 Nc3 29. Qd2 Qxa3 30. f5 Bd7 31. f6 g6 32. Re7 Qb4 33. Bxc3 Rxc3 34. Rxd7 Rc8
35. Qxb4 1-0

[Event "World Rapid 2022"]
[Site "Almaty KAZ"]
[Date "2022.12.26"]
[Round "1.77"]
[White "Postlmayer, Jakob"]
[Black "Sanal, Vahap"]
[Result "0-1"]
[WhiteTitle "FM"]
[BlackTitle "GM"]
[WhiteElo "2314"]
[BlackElo "2597"]
[WhiteFideId "1643622"]
[BlackFideId "6300545"]
[EventDate "2022.12.26"]

1. d4 d5 2. Nf3 Nf6 3. c4 c6 4. Nc3 e6 5. Bg5 h6 6. Bh4 Be7 7. e3 Nbd7 8. Rc1
O-O 9. a3 Ne4 10. Bxe7 Qxe7 11. Qc2 Nd6 12. cxd5 exd5 13. Bd3 Nf6 14. Ne5 Ng4
15. Nxg4 Bxg4 16. h3 Bd7 17. O-O f5 18. Rce1 Rae8 19. f3 Qg5 20. f4 Qf6 21. Kh2
Re7 22. Qf2 Rfe8 23. Re2 Be6 24. Rg1 h5 25. Nb1 h4 26. g3 hxg3+ 27. Rxg3 Bf7 28.
Nd2 Bh5 29. Re1 g6 30. Rg5 Nf7 31. Rxh5 gxh5 32. Nf3 Nd6 33. Ne5 Rg7 34. Nf3 Ne4
35. Bxe4 fxe4 36. Ne5 Kh8 37. Rg1 Reg8 38. Rxg7 Rxg7 39. b4 Kg8 40. a4 Kh7 41.
Qe1 Kg8 42. Qf2 Kf8 43. f5 Kg8 44. h4 a5 45. bxa5 c5 46. Qf4 c4 47. Nxc4 dxc4
48. Qxe4 Kh7 49. Qf3 Qxh4+ 0-1

[Event "World Rapid 2022"]
[Site "Almaty KAZ"]
[Date "2022.12.26"]
[Round "1.78"]
[White "Petrosyan, Manuel"]
[Black "Abdilkhair, Abilmansur"]
[Result "1-0"]
[WhiteTitle "GM"]
[BlackTitle "FM"]
[WhiteElo "2621"]
[BlackElo "2278"]
[WhiteFideId "13300857"]
[BlackFideId "13716417"]
[EventDate "2022.12.26"]

1. d4 d5 2. Nf3 Nf6 3. c4 dxc4 4. e3 Bg4 5. Bxc4 e6 6. h3 Bh5 7. Nc3 a6 8. Be2
Nc6 9. Qb3 Bd6 10. g4 Bg6 11. Nh4 O-O 12. Nxg6 hxg6 13. Bd2 b5 14. g5 Nd5 15.
Nxd5 exd5 16. Qxd5 Nb4 17. Qb3 a5 18. a3 a4 19. Qd1 Nd5 20. h4 Qd7 21. Bf3 c6
22. h5 Rae8 23. Qc2 b4 24. hxg6 fxg6 25. Bxd5+ cxd5 26. Qxg6 bxa3 27. bxa3 Rb8
28. Rc1 Qf5 29. Qxf5 Rxf5 30. Ke2 Rxg5 31. Rc6 Bxa3 32. Ra1 Be7 33. Rxa4 Rg2 34.
Kf3 Rh2 35. Kg3 Rh1 36. Ra7 Bh4+ 37. Kg2 Rd1 38. Ra2 Rf8 39. Bb4 Rf5 40. Rg6 Kh7
41. Rg4 Bf6 42. Bd6 Kg8 43. Bg3 Rb1 44. Ra8+ Kh7 45. Ra7 Rb2 46. Rf4 Kg6 47.
Rg4+ Kh5 48. Rf4 Rxf4 49. Bxf4 Kg4 50. Rd7 Rb5 51. Rc7 Bxd4 52. Bd6 Bf6 53. Bf8
g6 54. Rf7 Rb6 55. Bc5 Rc6 56. Ba7 Be5 57. f3+ Kh5 58. Rh7+ Kg5 59. f4+ Bxf4 60.
exf4+ Kxf4 61. Rh4+ Kf5 62. Rd4 Rc2+ 63. Kf3 Rc3+ 64. Ke2 Ke5 65. Rg4 Kf5 66.
Rg1 Rb3 67. Be3 Kf6 68. Rg4 Rc3 69. Kf3 Rc4 70. Bd4+ Kf5 71. Rf4+ Kg5 72. Ke3
Kh5 73. Rf8 g5 74. Rf5 Kg4 75. Rxd5 Rc6 76. Ke4 Re6+ 77. Be5 Ra6 78. Rd1 Ra4+
79. Bd4 Ra3 80. Rb1 Ra5 81. Rg1+ Kh5 82. Be5 Ra2 83. Bf6 Ra5 84. Bd8 Rb5 85. Bc7
Kg6 86. Be5 Ra5 87. Rb1 Ra4+ 88. Bd4 Kh5 89. Ke5 Ra5+ 90. Kf6 Kg4 91. Rg1+ Kf4
92. Be5+ Ke4 93. Rg4+ Kf3 94. Rxg5 Ke4 95. Rg4+ Kf3 96. Rb4 Ke3 97. Kf5 Ra3 98.
Rh4 Rd3 99. Rg4 Kf3 100. Bd4 Ra3 101. Rf4+ Kg3 102. Bf2+ Kg2 103. Kg4 Ra2 104.
Be3 Rb2 105. Rf3 Rb4+ 106. Bf4 Re4 107. Rd3 Kf2 108. Rd8 Re7 109. Bg5 Re4+ 110.
Kf5 Ra4 111. Re8 Kf3 112. Re3+ Kf2 113. Bf4 Ra8 114. Rb3 Ke2 115. Bd6 Ra4 116.
Bb4 Ra8 117. Rh3 Rb8 118. Bd6 Ra8 119. Rb3 Ra4 120. Ke5 Rh4 121. Be7 Ra4 122.
Bc5 Rh4 123. Bd6 Ra4 124. Kd5 Ra8 125. Ke4 Ra4+ 126. Bb4 Kf2 127. Rb2+ Kg3 128.
Rb1 Kf2 129. Rb3 Ra2 130. Kf4 Ke2 131. Ke4 Kd1 132. Rh3 Re2+ 133. Kd4 Kc2 134.
Bc3 Re8 135. Rh2+ Kb3 136. Rb2+ Ka4 137. Bb4 1-0

[Event "World Rapid 2022"]
[Site "Almaty KAZ"]
[Date "2022.12.26"]
[Round "1.79"]
[White "Khusenkhojaev, Mustafokhuja"]
[Black "Adhiban, Baskaran"]
[Result "1-0"]
[BlackTitle "GM"]
[WhiteElo "2265"]
[BlackElo "2611"]
[WhiteFideId "14700727"]
[BlackFideId "5018471"]
[EventDate "2022.12.26"]

1. d4 g6 2. Nf3 Bg7 3. c4 c5 4. d5 d6 5. g3 Nf6 6. Nc3 O-O 7. Bg2 e6 8. O-O exd5
9. cxd5 Re8 10. Bf4 Bf5 11. Nd2 Nh5 12. Be3 Qd7 13. Nc4 b5 14. Nxb5 Qxb5 15.
Nxd6 Qd7 16. Nxe8 Qxe8 17. d6 Nc6 18. Rc1 Bd7 19. Rxc5 Rb8 20. b3 Nf6 21. Qc1
Rb6 22. Rc4 Ra6 23. Rd1 h5 24. a4 Ne5 25. Rc7 h4 26. Rxa7 Rxa7 27. Bxa7 h3 28.
Bh1 Qe6 29. Bd4 Qxd6 30. Qc5 Qxc5 31. Bxc5 Be6 32. a5 Nfd7 33. a6 1-0

[Event "World Rapid 2022"]
[Site "Almaty KAZ"]
[Date "2022.12.26"]
[Round "1.80"]
[White "Quparadze, Giga"]
[Black "Mamedov, Edgar"]
[Result "1-0"]
[WhiteTitle "GM"]
[BlackTitle "FM"]
[WhiteElo "2470"]
[BlackElo "2283"]
[WhiteFideId "13602250"]
[BlackFideId "13739980"]
[EventDate "2022.12.26"]

1. e4 c5 2. Nf3 e6 3. d4 cxd4 4. Nxd4 Nf6 5. Nc3 Nc6 6. Nxc6 bxc6 7. e5 Nd5 8.
Ne4 Bb7 9. Be2 c5 10. O-O Qc7 11. Nd6+ Bxd6 12. exd6 Qc6 13. f3 O-O 14. c4 Nb6
15. Bf4 f6 16. Qd2 e5 17. Be3 a5 18. Rfd1 a4 19. b4 axb3 20. axb3 Rxa1 21. Rxa1
Nc8 22. Ra5 Nxd6 23. Bxc5 Nf5 24. Bxf8 Kxf8 25. Qb4+ Kf7 26. Bd3 Qd6 27. Qxd6
Nxd6 28. c5 Nc8 29. b4 d6 30. Ba6 Bxa6 31. Rxa6 Ke6 32. b5 Kd5 33. Ra8 Ne7 34.
Re8 1-0

[Event "World Rapid 2022"]
[Site "Almaty KAZ"]
[Date "2022.12.26"]
[Round "1.81"]
[White "Everett, Elijah"]
[Black "Ghasi, Ameet K"]
[Result "1/2-1/2"]
[BlackTitle "IM"]
[WhiteElo "2202"]
[BlackElo "2471"]
[WhiteFideId "12973696"]
[BlackFideId "409200"]
[EventDate "2022.12.26"]

1. e4 c6 2. d4 d5 3. Nd2 dxe4 4. Nxe4 Nf6 5. Nxf6+ exf6 6. c3 Bd6 7. Bd3 O-O 8.
Ne2 Re8 9. Qc2 h5 10. O-O h4 11. Bf4 Na6 12. Bxd6 Qxd6 13. h3 Nc7 14. Rae1 Nd5
15. Nf4 Be6 16. Nxe6 Rxe6 17. Bh7+ Kf8 18. Bf5 Re7 19. Re4 Rxe4 20. Qxe4 Qf4 21.
Qxf4 Nxf4 22. g3 hxg3 23. fxg3 Nd5 24. Re1 a5 25. Kf2 Ne7 26. Bc2 Rd8 27. Re4 g6
28. Bb3 Nf5 29. g4 Nd6 30. Re2 b5 31. a3 Rc8 32. Kf3 c5 33. Rd2 c4 34. Bc2 b4
35. axb4 axb4 36. cxb4 Rb8 37. b3 c3 38. Rd3 Nb5 39. d5 Rb6 40. d6 Nxd6 41. Rxc3
Rxb4 42. Bd3 Ke7 43. h4 f5 44. gxf5 gxf5 45. Bc4 Rb8 46. Re3+ Kf6 47. Rd3 Ne4
48. Rd7 Rh8 49. Rxf7+ Ke5 50. Re7+ Kd4 51. Kf4 Rxh4+ 52. Kxf5 Nd6+ 53. Ke6 Rh6+
54. Kd7 Nxc4 55. bxc4 Kxc4 1/2-1/2

[Event "World Rapid 2022"]
[Site "Almaty KAZ"]
[Date "2022.12.26"]
[Round "1.82"]
[White "Urazayev, Arystanbek"]
[Black "Suyarov, Mukhammadzokhid"]
[Result "1-0"]
[WhiteTitle "IM"]
[BlackTitle "FM"]
[WhiteElo "2465"]
[BlackElo "2299"]
[WhiteFideId "13709810"]
[BlackFideId "14210495"]
[EventDate "2022.12.26"]

1. e4 e6 2. d4 d5 3. e5 c5 4. c3 Nc6 5. Nf3 Qb6 6. Bd3 cxd4 7. O-O Bd7 8. Re1
Rc8 9. h4 Nge7 10. h5 a6 11. a3 h6 12. b4 dxc3 13. Nxc3 Nd4 14. Bb2 Nxf3+ 15.
Qxf3 Nc6 16. Qg3 Qd8 17. f4 Ne7 18. Rad1 Qc7 19. Kh1 Rg8 20. Bh7 Rh8 21. Bb1 Rg8
22. f5 exf5 23. Rxd5 Be6 24. Rd6 g6 25. Bc2 Qc4 26. Qf2 Nc6 27. Bb1 Qg4 28. Nd5
Be7 29. Nf6+ Bxf6 30. exf6 Qxh5+ 31. Kg1 Rd8 32. Qc5 Qg4 33. Rxc6 1-0

[Event "World Rapid 2022"]
[Site "Almaty KAZ"]
[Date "2022.12.26"]
[Round "1.83"]
[White "Suleimen, Ergali"]
[Black "Kobalia, Mikhail"]
[Result "1/2-1/2"]
[BlackTitle "GM"]
[WhiteElo "2073"]
[BlackElo "2577"]
[WhiteFideId "13724452"]
[BlackFideId "4119150"]
[EventDate "2022.12.26"]

1. e4 c5 2. Nf3 e6 3. g3 Nc6 4. Bg2 Nf6 5. d3 d6 6. O-O Be7 7. c3 O-O 8. Re1 Bd7
9. Nbd2 Rc8 10. a4 a6 11. Nc4 b5 12. axb5 axb5 13. Nxd6 Bxd6 14. e5 Be7 15. exf6
Bxf6 16. Be3 Ne7 17. d4 c4 18. Ne5 Nd5 19. Qg4 Bc6 20. Nxc6 Rxc6 21. h4 Rc8 22.
h5 Ra8 23. Rxa8 Qxa8 24. h6 Nxe3 25. fxe3 Qd8 26. hxg7 Bxg7 27. e4 e5 28. d5
Qb6+ 29. Kh2 Rd8 30. Rf1 Rd6 31. Qf5 Rf6 32. Qc8+ Bf8 33. Rxf6 Qxf6 34. Qc6 Qh6+
35. Qxh6 Bxh6 36. Bh3 Bc1 37. Bd7 Bxb2 38. Bxb5 1/2-1/2

[Event "World Rapid 2022"]
[Site "Almaty KAZ"]
[Date "2022.12.26"]
[Round "1.84"]
[White "Murzin, Volodar"]
[Black "Degenbaev, Aziz"]
[Result "1-0"]
[WhiteTitle "GM"]
[WhiteElo "2561"]
[BlackElo "2139"]
[WhiteFideId "44155573"]
[BlackFideId "13802640"]
[EventDate "2022.12.26"]

1. e4 e6 2. d3 d5 3. Qe2 dxe4 4. dxe4 e5 5. Nc3 Nc6 6. Bd2 Bd6 7. O-O-O Nge7 8.
f4 exf4 9. Qf2 Ng6 10. h4 Bg4 11. Be2 h5 12. Nb5 Be5 13. Nf3 Bxf3 14. Bxf3 a6
15. Nc3 Qd4 16. Qe2 Qc5 17. Nd5 Nd4 18. Qd3 Nxf3 19. Qxf3 O-O-O 20. Kb1 Qb5 21.
Bc3 f6 22. g3 Kb8 23. gxf4 Bxc3 24. Nxc3 Qc4 25. Qg3 Qf7 26. Rhg1 Rxd1+ 27. Rxd1
Re8 28. a3 Nf8 29. Rg1 Rd8 30. Qxg7 Qxg7 31. Rxg7 Ne6 32. Rf7 Nxf4 33. Rxf6 Ng2
34. e5 Nxh4 35. e6 Re8 36. Nd5 c6 37. Nf4 Nf3 38. Nxh5 Ng5 39. Ng7 Re7 40. Rg6
Ne4 41. Nf5 Re8 42. e7 Kc7 43. Re6 Ng5 44. Re5 Nf7 45. Re3 Kd7 46. c4 c5 47. Kc2
Rg8 48. Rd3+ Ke8 49. b4 Rg5 50. Rd5 cxb4 51. axb4 Rg2+ 52. Kb3 Re2 53. c5 Re5
54. Kc4 Re4+ 55. Kc3 Re5 56. Kd4 Re1 57. Nd6+ Kxe7 58. Nxb7 Rd1+ 59. Kc4 Rxd5
60. Kxd5 Kd7 61. c6+ Kc7 62. Nc5 Kb6 63. Ne6 Ka7 64. c7 Kb7 65. Nd8+ Kxc7 66.
Nxf7 Kb6 67. Nd6 a5 68. Nc4+ Kb5 69. bxa5 1-0

[Event "World Rapid 2022"]
[Site "Almaty KAZ"]
[Date "2022.12.26"]
[Round "1.85"]
[White "Nurgaliyev, Sauat"]
[Black "Nguyen, Thai Dai Van"]
[Result "0-1"]
[WhiteTitle "CM"]
[BlackTitle "GM"]
[WhiteElo "2150"]
[BlackElo "2656"]
[WhiteFideId "13726285"]
[BlackFideId "358878"]
[EventDate "2022.12.26"]

1. e4 c5 2. Nf3 e6 3. d4 cxd4 4. Nxd4 Nc6 5. Nc3 Nf6 6. Ndb5 d6 7. Bf4 e5 8. Bg5
a6 9. Na3 b5 10. Nd5 Be7 11. Bxf6 Bxf6 12. c4 b4 13. Nc2 a5 14. g3 O-O 15. Bg2
g6 16. Nxf6+ Qxf6 17. O-O h5 18. Qd3 h4 19. Rad1 h3 20. Bh1 Be6 21. Qxd6 Rac8
22. f4 Rfd8 23. fxe5 Qg5 24. Qc5 Rxd1 25. Rxd1 Nxe5 26. Qe3 Qxe3+ 27. Nxe3 Nxc4
28. Nd5 Nxb2 29. Rb1 Rc2 30. Bf3 Nc4 31. Ra1 Ne5 0-1

[Event "World Rapid 2022"]
[Site "Almaty KAZ"]
[Date "2022.12.26"]
[Round "1.86"]
[White "Sadhwani, Raunak"]
[Black "Tulendinov, Dinmukhammed"]
[Result "1-0"]
[WhiteTitle "GM"]
[BlackTitle "CM"]
[WhiteElo "2627"]
[BlackElo "1948"]
[WhiteFideId "35093487"]
[BlackFideId "13730860"]
[EventDate "2022.12.26"]

1. e4 c5 2. Nf3 e6 3. d4 cxd4 4. Nxd4 a6 5. Bd3 Qc7 6. O-O Nf6 7. c4 Nc6 8. Nxc6
dxc6 9. f4 Bc5+ 10. Kh1 e5 11. Nc3 Be6 12. f5 Bc8 13. Na4 Bd4 14. c5 Qe7 15. Qf3
Nd7 16. Qg3 f6 17. Be3 O-O 18. Rac1 Bxe3 19. Qxe3 Kh8 20. Rfd1 Rb8 21. Bc4 b5
22. cxb6 Qb4 23. Bb3 Nxb6 24. a3 Qb5 25. Rc5 Nxa4 26. Rxb5 axb5 27. Qa7 Rb7 28.
Qa5 Nc5 29. Rd8 1-0

[Event "World Rapid 2022"]
[Site "Almaty KAZ"]
[Date "2022.12.26"]
[Round "1.87"]
[White "Akhilbay, Imangali"]
[Black "Fedorov, Alexei"]
[Result "0-1"]
[BlackTitle "GM"]
[WhiteElo "2140"]
[BlackElo "2475"]
[WhiteFideId "13734857"]
[BlackFideId "13500465"]
[EventDate "2022.12.26"]

1. d4 Nf6 2. Bf4 c5 3. dxc5 Qa5+ 4. Nc3 Ne4 5. Bd2 Nxd2 6. Qxd2 Qxc5 7. g3 g6 8.
e3 Bg7 9. Nge2 Nc6 10. Bg2 O-O 11. O-O d6 12. Nd5 Bxb2 13. Rab1 Bg7 14. Nc7 Rb8
15. Rb5 Qc4 16. Bd5 Ne5 17. f4 Qxc7 18. fxe5 Bxe5 19. Nd4 Bh3 20. Rf2 e6 21. Bh1
Rfc8 22. Nf3 Qc4 23. Rb3 Bc3 24. Qd1 Bf5 25. Bg2 d5 26. h3 Bg7 27. Bf1 Bxc2 28.
Qc1 Qc7 29. Rb4 Qxg3+ 30. Bg2 Be4 31. Qd1 Bh6 32. Rb3 Rc7 0-1

[Event "World Rapid 2022"]
[Site "Almaty KAZ"]
[Date "2022.12.26"]
[Round "1.88"]
[White "Jumabayev, Rinat"]
[Black "Amangeldy, Ernur"]
[Result "1-0"]
[WhiteTitle "GM"]
[WhiteElo "2609"]
[BlackElo "2097"]
[WhiteFideId "13702661"]
[BlackFideId "13720244"]
[EventDate "2022.12.26"]

1. Nf3 d5 2. g3 Nd7 3. d4 Nb6 4. Bg2 Bf5 5. Nc3 Nf6 6. O-O e6 7. Bg5 Be7 8. Re1
Ne4 9. Bxe7 Qxe7 10. Nxe4 Bxe4 11. c3 O-O 12. Bf1 Nc4 13. b3 Nd6 14. Rc1 c6 15.
Nd2 e5 16. Nxe4 Nxe4 17. Bg2 Rad8 18. dxe5 Qxe5 19. Qd4 Qxd4 20. cxd4 Nd6 21. e3
f5 22. Bf1 Kf7 23. b4 a6 24. a4 Ke7 25. Rc5 Kd7 26. Bd3 b6 27. Rc2 b5 28. Ra1
Rb8 29. axb5 axb5 30. Ra6 Rfc8 31. Ra7+ Rc7 32. Ra6 g6 33. Kg2 Rbc8 34. h3 Rb8
35. Kf3 Rf8 36. Kf4 h6 37. h4 Ne4 38. Rca2 g5+ 39. hxg5 hxg5+ 40. Kf3 Nd6 41.
Ra7 Rc8 42. Ra1 Rxa7 43. Rxa7+ Ke6 44. g4 Rf8 45. Rc7 fxg4+ 46. Kg2 Rc8 47. Rh7
Rf8 48. Be2 Ne4 49. Bxg4+ Kf6 50. Rc7 Kg6 51. Rxc6+ Kg7 52. Bf3 Nxf2 53. Rc7+
Kh8 54. Bxd5 Nd1 55. Re7 Rd8 56. Bf3 Nc3 57. Re5 Rg8 58. Rc5 Na2 59. Rxb5 g4 60.
Rh5+ Kg7 61. Rg5+ 1-0

[Event "World Rapid 2022"]
[Site "Almaty KAZ"]
[Date "2022.12.26"]
[Round "1.89"]
[White "Nissinen, Niilo Man"]
[Black "Shimanov, Aleksandr"]
[Result "0-1"]
[WhiteTitle "CM"]
[BlackTitle "GM"]
[WhiteElo "1996"]
[BlackElo "2581"]
[WhiteFideId "30950767"]
[BlackFideId "4198603"]
[EventDate "2022.12.26"]

1. e4 e6 2. d4 d5 3. e5 c5 4. c3 Qa5 5. a3 Nc6 6. Nf3 Nxd4 7. Nxd4 cxd4 8. b4
Qb6 9. cxd4 Ne7 10. Bb2 Bd7 11. Nc3 Qd8 12. Bd3 Nc8 13. Qb3 Nb6 14. f4 Rc8 15.
O-O Nc4 16. Rf2 g6 17. Nd1 Be7 18. Bc3 O-O 19. g4 Qb6 20. f5 Bh4 21. Rf3 Nxe5
22. Rh3 Bf6 23. Be2 exf5 24. Ne3 Nxg4 25. Nxd5 Qd6 26. Nxf6+ Nxf6 27. Bf3 Be6
28. Qb2 Bd5 29. Bd2 Rfe8 30. Bxd5 Qxd5 31. Re3 Rxe3 32. Bxe3 Qe4 33. Bh6 Rc2 34.
Qxc2 Qxc2 35. Rc1 Qa4 36. Rc8+ Ne8 37. d5 Qd7 38. Ra8 f6 0-1

[Event "World Rapid 2022"]
[Site "Almaty KAZ"]
[Date "2022.12.26"]
[Round "2.2"]
[White "Sjugirov, Sanan"]
[Black "Rapport, Richard"]
[Result "1/2-1/2"]
[WhiteTitle "GM"]
[BlackTitle "GM"]
[WhiteElo "2712"]
[BlackElo "2740"]
[WhiteFideId "4189302"]
[BlackFideId "738590"]
[EventDate "2022.12.26"]

1. d4 Nf6 2. c4 e6 3. Nf3 c5 4. d5 d6 5. Nc3 exd5 6. cxd5 g6 7. h3 Bg7 8. e4 O-O
9. Be3 Re8 10. Bd3 Nbd7 11. O-O a6 12. a4 b6 13. Nd2 Bb7 14. Re1 Qc7 15. f4 Nf8
16. Nc4 Rad8 17. Qb3 N6d7 18. Rad1 Ba8 19. Bf2 Rb8 20. Na3 Bb7 21. Kh1 Bc8 22.
Bg3 Nf6 23. Bh2 Nh5 24. Be2 Qd8 25. Bxh5 gxh5 26. e5 b5 27. axb5 axb5 28. Naxb5
Ba6 29. Qa4 Bxb5 30. Nxb5 Qd7 31. Nc3 Rxb2 32. Qxd7 Nxd7 33. Ne4 Bf8 34. Nxd6
Bxd6 35. exd6 Rxe1+ 36. Rxe1 Rd2 37. Re7 Nf8 38. g4 Rxd5 39. f5 hxg4 40. hxg4 h5
41. gxh5 c4 42. Rc7 Rxf5 43. Rc8 Rd5 44. h6 c3 45. Bf4 c2 46. Kg2 Rd1 47. h7+
Kxh7 48. Rxf8 Rxd6 49. Rxf7+ Kg6 50. Rc7 Rd3 51. Rxc2 Kf5 52. Bg3 Ke4 53. Rc8
Rd2+ 54. Bf2 Ra2 55. Kg3 Ke5 56. Kf3 Ra3+ 57. Be3 Rb3 58. Rc5+ Kd6 59. Rh5 Rb1
60. Ke4 Ke6 61. Rh6+ Kd7 62. Kd5 Rd1+ 63. Bd4 Kd8 64. Rh7 Rd2 65. Ke5 Kc8 66.
Bc5 Rd7 67. Rh1 Kc7 68. Rc1 Rh7 69. Bd4+ Kd7 70. Kd5 Rh2 71. Bc3 Rh3 72. Be5
Rd3+ 73. Ke4 Rh3 74. Rc7+ Ke6 75. Rc6+ Kd7 76. Rd6+ Ke7 77. Rg6 Kd7 78. Kf5 Rd3
79. Rg7+ Kc6 80. Ke4 Rh3 81. Rc7+ Kb5 82. Bf6 Kb6 83. Rc1 Kb5 84. Kd4 Kb6 85.
Bd8+ Kb5 86. Rc5+ Kb4 87. Ba5+ Kb3 88. Be1 Rh1 89. Bd2 Rh8 90. Bg5 Rh7 91. Rc3+
Kb4 92. Rc8 Rd7+ 1/2-1/2